| 000 | 01182nam a22003137i 4500 | ||
|---|---|---|---|
| 003 | DO-SdBNP | ||
| 005 | 20250401135254.0 | ||
| 007 | ta | ||
| 008 | 220120b2014 dr a|||e |||| 001 0dspa d | ||
| 020 | _a9789945583380 | ||
| 040 |
_aDO-SdBNP _bspa _cBNPHU _erda |
||
| 082 | 4 |
_a324.27293 _bJ96p 2014 _222 |
|
| 100 | 1 |
_aJusto Duarte, Amaury, _d1942- _eautor _98575 |
|
| 245 | 1 | 0 |
_aPartidos políticos en la sociedad dominicana 1844-2014 / _cAmaury Justo Duarte. |
| 264 |
_aSanto Domingo : _bSantuario, _c2014. |
||
| 300 |
_a368 páginas : _bil. ; _c23 cm. |
||
| 336 |
_2rdacontent _atexto _btxt |
||
| 337 |
_2rdamedia _asin mediación _bn |
||
| 338 |
_2rdacarrier _avolumen _bnc |
||
| 500 | _aIncluye datos biográficos del autor en la solapa de la cubierta | ||
| 500 | _aIncluye índice onomástico | ||
| 504 | _aBibliografía : p. 355-368 | ||
| 590 | _aInventariado, 2022 / SA | ||
| 650 | 4 |
_aPartidos políticos _zRepública Dominicana _xHistoria _97703 _y1844-2004 |
|
| 651 | 4 |
_aRepública Dominicana _xPolítica y gobierno _y1844-2004 _92584 |
|
| 651 | 4 |
_aRepública Dominicana _xHistoria _y1844-2004 _92585 |
|
| 910 | _aSaquino/Validado. Control de calidad MFF | ||
| 942 |
_2ddc _cLBS1 |
||
| 999 |
_c51207 _d51207 |
||